Prestrešenie kinosály

Enregistré dans:
Détails bibliographiques
Auteur principal: Repka, Tomáš (Auteur)
Autres auteurs: Jendželovský, Norbert (Directeur de thèse)
Format: Manuscrit Livre
Langue:slovaque
Publié: 2017
Sujets:
Accès en ligne:http://is.stuba.sk/zp/portal_zp.pl?podrobnosti=127635
https://opac.crzp.sk/?fn=detailBiblioForm&sid=CBCDB6E5622FB9C0D15F4228BE80
Tags: Ajouter un tag
Pas de tags, Soyez le premier à ajouter un tag!

MARC

LEADER 00000ntm a22000003a 4500
001 stuzp63527
003 SK-STU
005 20230817132540.0
007 ta
008 150427s2015----xo-----f-mn---000-0-slo-d
040 |a STU  |b slo 
041 0 |a slo 
100 1 |a Repka, Tomáš  |u 010250  |4 aut  |U SvF Stavebná fakulta  |T SvF Katedra stavebnej mechaniky  |X 54927  |U V250  |Y 26  |7 54927 
242 0 1 |a Design of span  |y eng 
245 1 0 |a Prestrešenie kinosály 
260 |c 2017 
650 4 |a kino  |2 slo 
650 4 |a statická anlýza  |2 slo 
650 4 |a železobetón  |2 slo 
650 4 |a cinema  |2 eng 
650 4 |a static analysis  |2 eng 
650 4 |a reinforcedconcrete  |2 eng 
700 1 |a Jendželovský, Norbert  |u 010250  |k Z1  |4 ths  |U SvF Stavebná fakulta  |T SvF Katedra stavebnej mechaniky  |X 880  |U V250  |Y 26  |7 A000000880 
856 4 |u http://is.stuba.sk/zp/portal_zp.pl?podrobnosti=127635 
856 4 |u https://opac.crzp.sk/?fn=detailBiblioForm&sid=CBCDB6E5622FB9C0D15F4228BE80